MAASAI MARA UNIVERSITY

LIBRARY CATALOGUE

Contact Us: +254 020 2685356/7 or 0774 057787

Box: 861-20500, NAROK, KENYA

Email: info@mmarau.ac.ke

Joseph,Omole (Record no. 1236)

MARC details
000 -LEADER
fixed length control field 00449nam a2200133Ia 4500
008 - FIXED-LENGTH DATA ELEMENTS--GENERAL INFORMATION
fixed length control field 151015s9999 xx 000 0 und d
020 ## - INTERNATIONAL STANDARD BOOK NUMBER
International Standard Book Number 996690980x
050 ## - LIBRARY OF CONGRESS CALL NUMBER
Classification number BF 637.O52 2009
245 ## - TITLE STATEMENT
Title Joseph,Omole
250 ## - EDITION STATEMENT
Edition statement _How to become wise A collection of Quotes, sayings and Proverbs for Teaching, Preaching and Counselling Omole Joseph
300 ## - PHYSICAL DESCRIPTION
Extent Nairobi Scangraphics 2008
650 ## - SUBJECT ADDED ENTRY--TOPICAL TERM
Topical term or geographic name as entry element _Becoming wise
700 ## - ADDED ENTRY--PERSONAL NAME
Personal name ^d20110308 03:59:38^oanne

No items available.

© 2016 Maasai Mara University.